| 000 | 00709nam a2200241Ia 4500 | ||
|---|---|---|---|
| 005 | 20250425161949.0 | ||
| 008 | 250425s9999 xx 000 0 und d | ||
| 020 | _a8495012189 | ||
| 041 | _aeng | ||
| 082 | _a658.4012 | ||
| 100 | _aMARTINEZ GOMEZ, LORENZO | ||
| 245 | 0 | _aGESTION DE CENTROS DE DESARROLLO E INNOVACION: PLAN DE FORMACION DE APOYO DE ACTIVIDADES DE I+D DEL PARQUE TECNOLOGICO DE ANDALUCIA | |
| 250 | _aS.E. | ||
| 260 |
_aEspaƱa _bARQUE TECNOLOGICO DE ANDALUCIA _c1999 |
||
| 260 | _aMADRID | ||
| 300 | _a345 | ||
| 650 | _aDESARROLLO ECONOMICO | ||
| 650 | _aMARKETING | ||
| 650 | _aPARQUES TECNOLOGICOS | ||
| 650 | _aPLANIFICACION ESTRATEGICA | ||
| 942 | _c01 | ||
| 010 | _a37812 | ||
| 999 |
_c219776 _d219776 |
||